| 000 | 01086cam a22002531 4500 | ||
|---|---|---|---|
| 001 | 1152 | ||
| 005 | 20260304083103.0 | ||
| 020 | _a033500713002 | ||
| 040 |
_aDLC _cNmLcU _dNmLcU _dDLC _beng |
||
| 050 | 0 | 0 |
_aPZ10.3.J14 _bTaw |
| 082 | _aFic | ||
| 100 | 1 |
_aJackson, Kathryn, _d1907- |
|
| 245 | 1 | 0 |
_aTawny scrawny lion. _cPictures by Gustaf Tenggren. |
| 260 |
_aNew York, _bWestern Publishing Company, Inc. _c1952. |
||
| 300 |
_a23 unnumbered pages : _bColors illustrations ; _c21 cm |
||
| 490 | 0 | _aThe Little golden book | |
| 505 | _aF | ||
| 520 | _aOnce there was a tawny scrawny lion who chased monkeys on Monday—kangaroos on Tuesday—zebras on Wednesday—bears on Thursday—camels on Friday—and on Saturday, elephants! So begins the funny, classic Golden story of a family of ten fat rabbits that teaches the hungry lion to eat carrot stew—so that he doesn’t eatthem! | ||
| 521 |
_a320
_bLexile |
||
| 521 |
_aF
_bRaz-Plus |
||
| 700 | 1 |
_aTenggren, Gustaf _d1896-1970, _eillustrator. |
|
| 906 |
_a7 _bcbc _coclcrpl _du _encip _f19 _gy-gencatlg |
||
| 942 |
_2ddc _cBK _n0 |
||
| 999 |
_c1152 _d1152 |
||